| 000 | 00493 a2200181 4500 | ||
|---|---|---|---|
| 003 | NUST | ||
| 005 | 20230320164710.0 | ||
| 020 | _a969-503-530-2 | ||
| 040 | _cNust | ||
| 082 | _a928,MUM | ||
| 100 |
_aMufti,Mumtaz _91012 |
||
| 245 |
_aAlakh Nagri : _bAli Pur Ka eli / الکھ نگری (Urdu) / _cMumtaz Mufti |
||
| 250 | _a2nd part | ||
| 260 |
_aLahore _bAl-Fasil Nashiran Kutab _c2012,2016 |
||
| 300 | _a848 p.; | ||
| 650 |
_aUrdu Literature _xSawaneh _9110724 |
||
| 942 |
_2ddc _cBK _k928,MUM |
||
| 999 |
_c179641 _d179641 |
||